| 000 | 01841nam a2200373 a 4500 | ||
|---|---|---|---|
| 003 | CHAP | ||
| 005 | 20230424180823.0 | ||
| 007 | ta | ||
| 008 | 230424s2019 mx |||gr|||| 001 f spa d | ||
| 020 | _a978-607-317-822-8 | ||
| 040 |
_amxchpua _cCHAP _erda |
||
| 050 | 1 | 0 |
_aPS3552.L392 _b.B53 E96 2019 |
| 082 | 0 | 0 |
_a808.8308738 _bB53 E96 2019 _220 |
| 100 | 1 |
_9186769 _aBlatty, William Peter |
|
| 240 | 1 | 4 |
_aThe exorcist. _lEspañol |
| 245 | 1 | 3 |
_aEl exorcista / _cWilliam Peter Blatty ; traductora Raquel Albornoz |
| 250 | _a1a edición | ||
| 264 |
_aMéxico : _bPenguin Random House Grupo Editorial, _c2019 |
||
| 300 | _a405 páginas | ||
| 336 |
_2rdacontent _atexto _btxt |
||
| 337 |
_2rdamedia _asin medio _bn |
||
| 338 |
_2rdacarrier _avolumen _bnc |
||
| 520 | 2 | _aUna de las novelas más sobrecogedoras y terroríficas jamás escritas. El libro que inspiró la película homónima de culto.Basada en un hecho real, ocurrido en la década de los cuarenta del siglo pasado, la protagonista es una niña de apenas once años que sufre terribles transformaciones, sobre todo en su comportamiento. Ni médicos ni científicos ni psicólogos son capaces de hallar la causa de tal estado, y paulatinamente todo se va decantando hacia la hipótesis de que la niña está poseída por fuerzas demoniacas. Ha llegado el momento para el implacable rito que enfrenta a exorcista y demonio en un duelo mortal. | |
| 650 | 1 | 0 |
_9153261 _aLiteratura americana _ySiglo XX |
| 650 | 1 | 7 |
_982011 _aNovela _xFicción |
| 650 | 1 | 0 |
_9160744 _aTerror |
| 650 | 1 | 0 |
_9186777 _aPosesión demoníaca |
| 650 | 1 | 0 |
_9153260 _aAmerican literature _y20th century |
| 650 | 1 | 0 |
_9161790 _aNovel _xFiction |
| 650 | 1 | 0 |
_9186776 _aHorror fiction |
| 650 | 1 | 0 |
_9186778 _aSpirit possession |
| 700 | 1 |
_9186779 _aAlbornoz, Raquel _etraductora |
|
| 942 |
_2ddc _cLibro |
||
| 999 |
_c218619 _d218619 |
||